The War against the automobile
Salvato in:
| Autore principale: | |
|---|---|
| Natura: | Libro |
| Lingua: | Undetermined |
| Pubblicazione: |
New York
E. P. Dutton
1977
|
| Soggetti: | |
| Tags: |
Aggiungi Tag
Nessun Tag, puoi essere il primo ad aggiungerne! !
|
| Thư viện lưu trữ: | Trung tâm Học liệu Trường Đại học Cần Thơ |
|---|
| LEADER | 00574nam a2200205Ia 4500 | ||
|---|---|---|---|
| 001 | CTU_83635 | ||
| 008 | 210402s9999 xx 000 0 und d | ||
| 082 | |a 338.3 | ||
| 082 | |b B854 | ||
| 100 | |a Bruce-Briggs, B. | ||
| 245 | 4 | |a The War against the automobile | |
| 245 | 0 | |c B. Bruce-Briggs | |
| 260 | |a New York | ||
| 260 | |b E. P. Dutton | ||
| 260 | |c 1977 | ||
| 650 | |a Automobile,Transportation, automotive | ||
| 650 | |x Social aspects | ||
| 650 | |z United States,United States | ||
| 904 | |i Qhieu(sửa) | ||
| 980 | |a Trung tâm Học liệu Trường Đại học Cần Thơ | ||